000 00640nam a2200205 u 4500
005 20220622063632.0
008 140922s2009 r 000 0 eng d
020 _a9789871556090
035 _aUPN01000199680
049 _aI
050 4 _aPZ16.3
_bR4.6
100 1 _aReek, Wouter van
_936884
245 1 0 _aPinzón en la tormenta /
_cWouter van Reek ; tr. de Corinne Dayan.
260 _aBuenos Aires :
_bAH pípala,
_c2009.
300 _a[24] p. :
_bil. col.
534 _pTítulo original :
_tKeepvogel Noordweer
650 0 _aAnimales
_vCuentos y leyendas
_9234
650 4 _aLITERATURA INFANTIL HOLANDESA
_913664
905 _aInfantil
999 _c171781
_d171781